| 000 | 00447nam a22001811a 4500 | ||
|---|---|---|---|
| 001 | 6027 | ||
| 003 | OSt | ||
| 005 | 20260204212037.0 | ||
| 008 | 060302s1977||||sp ||||||b||||||||||spa|| | ||
| 020 | _a8432503606 | ||
| 050 | _a863.4 M731d | ||
| 100 | _aMola, General | ||
| 245 | _aDar Akobba: páginas de sangre de dolor y de gloria / General Mola | ||
| 264 | _aEspaña : Doncel | ||
| 300 | _a255 p | ||
| 650 | _aNovela CubanaÌ | ||
| 942 |
_2ddc _cBK |
||
| 999 |
_c6027 _d6027 |
||